00247nam a22000977a 4500040001200000082001300012100001000025245005700035260004700092300001000139 cMSOHAIL a891.4396 aNISTE aOccupational Heath ,Safety and Environment.........\ aIslamabadbNational Book Foundationcc2007 a107;p